Personaggi di Romanzo Criminale - La Serie - Statistics

Statistiche generali
  • Questo quiz è stato fatto 118 volte
  • Il punteggio medio è 16 su 24
Statistiche sulle risposte
Attore Personaggio % Corretto
Alessandro Roja Dandi
99%
Vinicio Marchioni Freddo
99%
Francesco Montanari Libanese
99%
Andrea Sartoretti Bufalo
94%
Riccardo De Filippis Scrocchiazeppi
84%
Daniela Virgilio Cinzia "Patrizia" Vallesi
81%
Emiliano Coltorti Nero
80%
Marco Giallini Terribile
80%
Marco Bocci Nicola Scialoja
79%
Mauro Meconi Fierolocchio
73%
Roberto Infascelli Sorcio
72%
Lorenzo Renzi Sergio Buffoni
70%
Orlando Cinque Trentadenari
68%
Antonio Gerardi Sardo
67%
Edoardo Pesce Ruggero Buffoni
63%
Giorgio Caputo Ricotta
62%
Edoardo Leo Nembo Kid
60%
Alessandra Mastronardi Roberta Vannucci
60%
Adriano Chiaramida Zio Carlo
58%
Vincenzo Tanassi Secco
48%
Alessandro Marverti Gigio Soleri
35%
Claudio Spadaro Pigreco
26%
Fausto Maria Sciarappa Zeta
26%
Danilo Nigrelli Fernando Borgia
22%
Nessun quiz corrispondente trovato
Distribuzione punteggi
Percentuale di utenti per punteggio
Percentile per numero di risposta
I tuoi punteggi nel tempo
Non hai fatto questo quiz